শব্দার্থে আল কুরআন মাজীদ / (Record no. 12902)
[ view plain ]
| 000 -LEADER | |
|---|---|
| fixed length control field | 00713nam a2200205 a 4500 |
| 001 - CONTROL NUMBER | |
| JCCL Control Number | 12902 |
| 003 - CONTROL NUMBER IDENTIFIER | |
| JCCL marc code | BD-JhCC |
| 005 - DATE AND TIME OF LATEST TRANSACTION | |
| control field | 20230601123800.0 |
| 008 - FIXED-LENGTH DATA ELEMENTS--GENERAL INFORMATION | |
| fixed length control field | 230601s2020 b |||| |||| 000 0 mul d |
| 035 ## - SYSTEM CONTROL NUMBER | |
| system control number | (BD-JhCC)12902 |
| 040 ## - CATALOGING SOURCE | |
| Original cataloging agency | BD-JhCC |
| Modifying agency | BD-JhCC |
| 041 ## - LANGUAGE CODE | |
| Language code of Book | Arabic and Bangla |
| 082 ## - DEWEY DECIMAL CLASSIFICATION NUMBER | |
| Classification number | 297.1224 |
| Author mark and Year | SHO 2020 |
| 245 ## - TITLE STATEMENT | |
| Title | শব্দার্থে আল কুরআন মাজীদ / |
| Statement of responsibility, etc | মতিউর রহমান খান (অনু.) |
| 260 ## - PUBLICATION, DISTRIBUTION, ETC. (IMPRINT) | |
| Place of publication, distribution, etc | ঢাকা : |
| Name of publisher, distributor, etc | আধুনিক প্রকাশনী, |
| Date of publication, distribution, etc | ২০২০ |
| 300 ## - PHYSICAL DESCRIPTION | |
| Pagination | খন্ড ১-১০ : |
| Dimensions | ২২ সেমি. |
| 650 ## - SUBJECT ADDED ENTRY--TOPICAL TERM | |
| Topical term or geographic name as entry element | Al Quran |
| 700 ## - ADDED ENTRY--PERSONAL NAME | |
| Personal name | খান, মতিউর রহমান |
| 942 ## - ADDED ENTRY ELEMENTS (KOHA) | |
| Source of classification or shelving scheme | Dewey Decimal Classification |
| Koha item type | Books |
| Source of classification or shelving scheme | volume number | Damaged status | Not for loan | Home library | Current library | Shelving location | Date of accession | Cost, normal purchase price | Total Checkouts | Full call number | Barcode | Date last seen | Copy number | Method of acquisition | Koha item type | Currency | Date checked out |
|---|---|---|---|---|---|---|---|---|---|---|---|---|---|---|---|---|---|
| Dewey Decimal Classification | V-1 | JCC Rouf Library | JCC Rouf Library | General Stacks | 06/01/2023 | 176.00 | 297.1224 SHO 2020 | 18081 | 06/01/2023 | C-1 | Purchase | Books | BDT | ||||
| Dewey Decimal Classification | V-2 | JCC Rouf Library | JCC Rouf Library | General Stacks | 06/01/2023 | 176.00 | 297.1224 SHO 2020 | 18082 | 06/01/2023 | C-1 | Purchase | Books | BDT | ||||
| Dewey Decimal Classification | V-3 | JCC Rouf Library | JCC Rouf Library | General Stacks | 06/01/2023 | 176.00 | 297.1224 SHO 2020 | 18083 | 06/01/2023 | C-1 | Purchase | Books | BDT | ||||
| Dewey Decimal Classification | V-4 | JCC Rouf Library | JCC Rouf Library | General Stacks | 06/01/2023 | 140.00 | 297.1224 SHO 2020 | 18084 | 06/01/2023 | C-1 | Purchase | Books | BDT | ||||
| Dewey Decimal Classification | V-5 | JCC Rouf Library | JCC Rouf Library | General Stacks | 06/01/2023 | 166.00 | 297.1224 SHO 2020 | 18085 | 06/01/2023 | C-1 | Purchase | Books | BDT | ||||
| Dewey Decimal Classification | V-6 | JCC Rouf Library | JCC Rouf Library | General Stacks | 06/01/2023 | 173.00 | 297.1224 SHO 2020 | 18086 | 06/01/2023 | C-1 | Purchase | Books | BDT | ||||
| Dewey Decimal Classification | V-7 | JCC Rouf Library | JCC Rouf Library | General Stacks | 06/01/2023 | 158.00 | 297.1224 SHO 2020 | 18087 | 06/01/2023 | C-1 | Purchase | Books | BDT | ||||
| Dewey Decimal Classification | V-8 | JCC Rouf Library | JCC Rouf Library | General Stacks | 06/01/2023 | 158.00 | 297.1224 SHO 2020 | 18088 | 06/01/2023 | C-1 | Purchase | Books | BDT | ||||
| Dewey Decimal Classification | V-9 | JCC Rouf Library | JCC Rouf Library | General Stacks | 06/01/2023 | 144.00 | 297.1224 SHO 2020 | 18089 | 06/01/2023 | C-1 | Purchase | Books | BDT | ||||
| Dewey Decimal Classification | V-10 | JCC Rouf Library | JCC Rouf Library | General Stacks | 06/01/2023 | 137.00 | 1 | 297.1224 SHO 2020 | 18090 | 12/12/2023 | C-1 | Purchase | Books | BDT | 11/29/2023 |